Loading...

Coffee housinte katha /

Bibliographic Details
Main Author: Parameswaran Pilla, Nadakkal
Format: Printed Book
Language:Malayalam
Published: Thrissur : Current Books , 2005.
LEADER 00564nam a2200157Ia 4500
008 150624b xxu||||| |||| 00| | mal d
020 |a 8122604935 
082 |a 647.9554 
100 |a Parameswaran Pilla, Nadakkal 
245 |c Nadakkal Parameswaran Pilla  |a Coffee housinte katha / 
260 |a Thrissur :  |b Current Books ,  |c 2005. 
300 |a 119 p. 
546 |a In Malayalam. 
942 |c BK 
999 |c 85325  |d 85325 
952 |0 0  |1 0  |4 0  |6 647_955400000000000_PAR_C  |7 0  |9 85269  |a UL  |b UL  |c ST1  |d 2006-11-30  |e OLI   |l 2  |o 647.9554 PAR/C  |p 80725  |r 2013-07-08  |s 2013-04-02  |v 60.00  |w 2012-10-27  |y BK